mplementación de Manual Organizacional y Funciones para la empresa CELULARES EBENEZER
El presente trabajo de estudio que requiere la empresa Celulares Ebenezer es un manual de organización y funciones, donde es un instrumento de trabajo que define las funciones y responsabilidades de cada colaborador debe desarrollar en sus actividades cotidianas, también es una herramienta que per...
| Main Authors: | , |
|---|---|
| Other Authors: | |
| Format: | Tesis Section = Libro |
| Language: | Undetermined Spanish |
| Published: |
Managua
UNI
2021
|
| Subjects: |
| LEADER | 01323nam a2200265Ia 4500 | ||
|---|---|---|---|
| 008 | 240830s9999 xx 000 0 und d | ||
| 040 | |a BIBLIOTECA-RUPAP/ Mon 658.306 G216 | ||
| 041 | |a spa | ||
| 082 | |a Mon 658.306 G216 | ||
| 100 | 1 | |a García Cárdenas, Alejandra Margarita | |
| 100 | 1 | |b Navarrete Moraga, Rodolfo Alejandro | |
| 245 | 1 | 0 | |a mplementación de Manual Organizacional y Funciones para la empresa CELULARES EBENEZER |
| 260 | |a Managua |b UNI |c 2021 | ||
| 300 | |a 72 p.:il. | ||
| 500 | |a Contiene: anexos y CD. | ||
| 502 | |a Tesis (Ingeniero Industrial) - UNI, 2021. | ||
| 520 | 3 | |a El presente trabajo de estudio que requiere la empresa Celulares Ebenezer es un manual de organización y funciones, donde es un instrumento de trabajo que define las funciones y responsabilidades de cada colaborador debe desarrollar en sus actividades cotidianas, también es una herramienta que permite agilizar el trabajo de la administración, ordenamiento de su estructura jerárquica y la definición de las funciones de los diferentes cargos. | |
| 650 | 7 | |a DESCRIPCION DEL TRABAJO | |
| 650 | 7 | |b MANUALES ADMINISTRATIVOS | |
| 650 | 7 | |c ORGANIZACIÓN ADMINISTRATIVA | |
| 650 | 7 | |d ADMINISTRACION DE PERSONAL | |
| 700 | 1 | |a Tutor: |b Chavarría Morales, Axel Yamil | |
| 942 | |c BK |2 ddc | ||
| 991 | |a TESIS | ||
| 999 | |c 18990 | ||